Expectativas de inflación en Costa Rica /
Gorde:
| Egile nagusia: | |
|---|---|
| Beste egile batzuk: | |
| Formatua: | Texto |
| Etiketak: |
Etiketa erantsi
Etiketarik gabe, Izan zaitez lehena erregistro honi etiketa jartzen!
|
MARC
| LEADER | 00000 a a2200000 04500 | ||
|---|---|---|---|
| 001 | 47433 | ||
| 003 | |||
| 040 | |||
| 100 | |a Alfaro Ureña, Alonso | ||
| 245 | |a Expectativas de inflación en Costa Rica / |c Alonso Alfaro Ureña, Carlos Monge Badilla | ||
| 700 | |a Monge Badilla, Carlos | ||
| 773 | |g volumen32, número1, (2014), páginas 85-116 : tablas, gráficos | ||
| 999 | |c 31628 |d 31628 | ||
